Zákon o verejnom obstarávaní - novely
Národná rada SR schválila 29. apríla návrh zákona č. 213/2009 Z.z., ktorým sa mení a dopĺňa zákon č. 25/2006 Z.z. o verejnom obstarávaní. Legislatívna úprava. Vydávanie Vestníka verejného obstarávania. Zadávanie zákaziek na poskytnutie služieb. Obstarávanie neprioritných služieb. Povinnosť poslať oz...
Saved in:
| Main Author: | |
|---|---|
| Format: | Book Chapter |
| Language: | Slovak |
| Subjects: | |
| Tags: |
No Tags, Be the first to tag this record!
|
MARC
| LEADER | 00000naa$a2200000$$$4500 | ||
|---|---|---|---|
| 001 | 0101637 | ||
| 005 | 20231120114057.9 | ||
| 041 | 0 | |a slo | |
| 044 | |a SK | ||
| 245 | 1 | 0 | |a Zákon o verejnom obstarávaní - novely |c Drahoslav Lörinc |
| 520 | |a Národná rada SR schválila 29. apríla návrh zákona č. 213/2009 Z.z., ktorým sa mení a dopĺňa zákon č. 25/2006 Z.z. o verejnom obstarávaní. Legislatívna úprava. Vydávanie Vestníka verejného obstarávania. Zadávanie zákaziek na poskytnutie služieb. Obstarávanie neprioritných služieb. Povinnosť poslať oznámenie. Čo musí obsahovať oznámenie o uverejnení výzvy na predkladanie ponúk. Proces a výkon kontroly. | ||
| 610 | 2 | 0 | |a obstarávanie verejné |
| 610 | 2 | 0 | |a zákony |
| 610 | 2 | 0 | |a novelizácia |
| 610 | 2 | 0 | |a zákazky |
| 610 | 2 | 0 | |a kontrola |
| 100 | 1 | |a Lörinc, Drahoslav | |